[Event "Skovlunde Capablanca-C"]
[Site "Skovlunde"]
[Date "2003.09.01"]
[Round "2"]
[White "Moustgaard, Lynge"]
[Black "Bekker, Christian"]
[Result "0-1"]
[WhiteElo "1000"]
[BlackElo "1000"]
[PlyCount "48"]
[EventDate "2003.08.25"]
[EventType "tourn"]
[EventRounds "5"]
[EventCountry "DEN"]
[SourceTitle "EXT 2023"]
[Source "ChessBase"]
[SourceDate "2022.10.05"]
[SourceVersion "1"]
[SourceVersionDate "2022.10.05"]
[SourceQuality "1"]

1. e4 g6 2. d4 Bg7 3. f3 e5 4. d5 Ne7 5. c4 0-0 6. Bd3 c6 7. Ne2 b5 8. 0-0 Ba6 9. Bg5 bxc4 10. Bxc4 Bxc4 11. b3 Bb5 12. Bxe7 Qxe7 13. a4 Qc5+ 14. Nd4 Bxf1 15. Qxf1 Qxd4+ 16. Kh1 Qxa1 17. h3 cxd5 18. exd5 Re8 19. Qa6 Qxb1+ 20. Kh2 Nxa6 21. Kg3 e4 22. fxe4 Be5+ 23. Kf3 Qxb3+ 24. Kg4 Qg3# 0-1